<?xml version="1.0" encoding="UTF-8"?>
<collection xmlns="http://www.loc.gov/MARC21/slim">
 <record>
  <leader>01624nam a2200205 a 4500</leader>
  <controlfield tag="001">1/46117</controlfield>
  <controlfield tag="008">160210s1956    gr            00010 gre  </controlfield>
  <datafield tag="035" ind1=" " ind2=" ">
   <subfield code="l">49091</subfield>
  </datafield>
  <datafield tag="040" ind1=" " ind2=" ">
   <subfield code="a">GR-PeUP</subfield>
  </datafield>
  <datafield tag="082" ind1="0" ind2="0">
   <subfield code="a">343.04 ΕΛΛ</subfield>
  </datafield>
  <datafield tag="110" ind1="2" ind2=" ">
   <subfield code="a">Ελλάδα. Υπουργείο Οικονομικών. Γενική Διεύθυνση Φορολογίας. Διεύθυνση Φορολογικών Σοιχείων.</subfield>
  </datafield>
  <datafield tag="245" ind1="1" ind2="0">
   <subfield code="a">Ερμηνεία των διατάξεων του κώδικος φορολογικών στοιχείων /</subfield>
   <subfield code="c">Υπουργείον Οικονομικών. Γενική Διεύθυνσις Φορολογίας. Διεύθυνσις Φορολογικών Στοιχείων.</subfield>
  </datafield>
  <datafield tag="260" ind1="0" ind2=" ">
   <subfield code="a">[Αθήναι] :</subfield>
   <subfield code="b">Εθνικό Τυπογραφείο,</subfield>
   <subfield code="c">1956.</subfield>
  </datafield>
  <datafield tag="300" ind1=" " ind2=" ">
   <subfield code="a">352 σ. :</subfield>
   <subfield code="b">πίν. ;</subfield>
   <subfield code="c">23 εκ.</subfield>
  </datafield>
  <datafield tag="500" ind1=" " ind2=" ">
   <subfield code="a">Περιεχόμενα: 1. Ερμηνεία - 2. Υποδείγματα βιβλίων - 3. Πίναξ τελών χαρτοσήμου - 4. Συνοπτικός πίναξ βιβλίων και στοιχείων, κατά κατηγορίαν. - 5. Κείμενον του Κώδικος (Β.Δ. 27/4/56).</subfield>
  </datafield>
  <datafield tag="650" ind1=" " ind2="4">
   <subfield code="a">Φορολογία</subfield>
   <subfield code="x">Δίκαιο και νομοθεσία</subfield>
   <subfield code="z">Ελλάδα.</subfield>
  </datafield>
  <datafield tag="650" ind1=" " ind2="4">
   <subfield code="a">Taxation</subfield>
   <subfield code="x">Law and legislation</subfield>
   <subfield code="z">Greece.</subfield>
  </datafield>
  <datafield tag="852" ind1=" " ind2=" ">
   <subfield code="a">INST</subfield>
   <subfield code="b">UNIPILB</subfield>
   <subfield code="c">MAIN</subfield>
   <subfield code="e">20160318</subfield>
   <subfield code="h">343.04 ΕΛΛ</subfield>
   <subfield code="p">00173834</subfield>
   <subfield code="q">00173834</subfield>
   <subfield code="t">CLOCOL</subfield>
   <subfield code="y">23</subfield>
   <subfield code="4">3</subfield>
  </datafield>
  <datafield tag="852" ind1=" " ind2=" ">
   <subfield code="a">INST</subfield>
   <subfield code="b">UNIPILB</subfield>
   <subfield code="c">MAIN</subfield>
   <subfield code="e">20160216</subfield>
   <subfield code="h">343.04 ΕΛΛ</subfield>
   <subfield code="p">00173882</subfield>
   <subfield code="q">00173882</subfield>
   <subfield code="t">CLOCOL</subfield>
   <subfield code="y">23</subfield>
   <subfield code="4">2</subfield>
  </datafield>
  <datafield tag="852" ind1=" " ind2=" ">
   <subfield code="a">INST</subfield>
   <subfield code="b">UNIPILB</subfield>
   <subfield code="c">MAIN</subfield>
   <subfield code="e">20160216</subfield>
   <subfield code="h">343.04 ΕΛΛ</subfield>
   <subfield code="p">00173977</subfield>
   <subfield code="q">00173977</subfield>
   <subfield code="t">CLOCOL</subfield>
   <subfield code="y">23</subfield>
   <subfield code="4">1</subfield>
  </datafield>
 </record>
</collection>
